<?xml version="1.0" encoding="UTF-8"?>
<record
    xmlns:xsi="http://www.w3.org/2001/XMLSchema-instance"
    xsi:schemaLocation="http://www.loc.gov/MARC21/slim http://www.loc.gov/standards/marcxml/schema/MARC21slim.xsd"
    xmlns="http://www.loc.gov/MARC21/slim">

  <leader>00479nam a2200169   4500</leader>
  <controlfield tag="003">SEACOMMC</controlfield>
  <controlfield tag="005">20250429134141.0</controlfield>
  <controlfield tag="008">241224b        |||||||| |||| 00| 0 eng d</controlfield>
  <datafield tag="020" ind1=" " ind2=" ">
    <subfield code="a"> 978-81-2593-946-7</subfield>
    <subfield code="c">Rs.250.00</subfield>
  </datafield>
  <datafield tag="040" ind1=" " ind2=" ">
    <subfield code="a">SEACOMMC</subfield>
  </datafield>
  <datafield tag="082" ind1=" " ind2=" ">
    <subfield code="a"> 005.1 </subfield>
    <subfield code="b">K 45</subfield>
  </datafield>
  <datafield tag="100" ind1=" " ind2=" ">
    <subfield code="a">Rohit Khurana</subfield>
  </datafield>
  <datafield tag="245" ind1="1" ind2=" ">
    <subfield code="a">Software Engineering : Principles and Practices</subfield>
    <subfield code="c"> Rohit Khurana</subfield>
  </datafield>
  <datafield tag="260" ind1=" " ind2=" ">
    <subfield code="a"> New Delhi</subfield>
    <subfield code="b"> Vikas Publishing House</subfield>
    <subfield code="c"> 2007</subfield>
  </datafield>
  <datafield tag="650" ind1=" " ind2=" ">
    <subfield code="a">Computer  Science</subfield>
  </datafield>
  <datafield tag="942" ind1=" " ind2=" ">
    <subfield code="c">BOOK</subfield>
  </datafield>
  <datafield tag="952" ind1=" " ind2=" ">
    <subfield code="0">0</subfield>
    <subfield code="1">0</subfield>
    <subfield code="2">ddc</subfield>
    <subfield code="4">0</subfield>
    <subfield code="7">0</subfield>
    <subfield code="a">SEACOMMC</subfield>
    <subfield code="b">SEACOMMC</subfield>
    <subfield code="c">REF</subfield>
    <subfield code="d">2007-12-14</subfield>
    <subfield code="l">0</subfield>
    <subfield code="o"> 005.1  K 45</subfield>
    <subfield code="p">M-1310</subfield>
    <subfield code="r">2024-12-24 12:02:59</subfield>
    <subfield code="w">2024-12-24</subfield>
    <subfield code="y">BOOK</subfield>
  </datafield>
  <datafield tag="952" ind1=" " ind2=" ">
    <subfield code="0">0</subfield>
    <subfield code="1">0</subfield>
    <subfield code="2">ddc</subfield>
    <subfield code="4">0</subfield>
    <subfield code="7">0</subfield>
    <subfield code="a">SEACOMMC</subfield>
    <subfield code="b">SEACOMMC</subfield>
    <subfield code="d">2007-12-14</subfield>
    <subfield code="l">0</subfield>
    <subfield code="o"> 005.1  K 45</subfield>
    <subfield code="p">M-1311</subfield>
    <subfield code="r">2024-12-24 12:03:27</subfield>
    <subfield code="t">1</subfield>
    <subfield code="w">2024-12-24</subfield>
    <subfield code="y">BOOK</subfield>
  </datafield>
  <datafield tag="952" ind1=" " ind2=" ">
    <subfield code="0">0</subfield>
    <subfield code="1">0</subfield>
    <subfield code="2">ddc</subfield>
    <subfield code="4">0</subfield>
    <subfield code="7">0</subfield>
    <subfield code="a">SEACOMMC</subfield>
    <subfield code="b">SEACOMMC</subfield>
    <subfield code="d">2007-12-14</subfield>
    <subfield code="l">0</subfield>
    <subfield code="o"> 005.1  K 45</subfield>
    <subfield code="p">M-1312</subfield>
    <subfield code="r">2024-12-24 12:03:27</subfield>
    <subfield code="t">2</subfield>
    <subfield code="w">2024-12-24</subfield>
    <subfield code="y">BOOK</subfield>
  </datafield>
  <datafield tag="952" ind1=" " ind2=" ">
    <subfield code="0">0</subfield>
    <subfield code="1">0</subfield>
    <subfield code="2">ddc</subfield>
    <subfield code="4">0</subfield>
    <subfield code="7">0</subfield>
    <subfield code="a">SEACOMMC</subfield>
    <subfield code="b">SEACOMMC</subfield>
    <subfield code="d">2007-12-14</subfield>
    <subfield code="l">0</subfield>
    <subfield code="o"> 005.1  K 45</subfield>
    <subfield code="p">M-1313</subfield>
    <subfield code="r">2024-12-24 12:03:27</subfield>
    <subfield code="t">3</subfield>
    <subfield code="w">2024-12-24</subfield>
    <subfield code="y">BOOK</subfield>
  </datafield>
  <datafield tag="952" ind1=" " ind2=" ">
    <subfield code="0">0</subfield>
    <subfield code="1">0</subfield>
    <subfield code="2">ddc</subfield>
    <subfield code="4">0</subfield>
    <subfield code="7">0</subfield>
    <subfield code="a">SEACOMMC</subfield>
    <subfield code="b">SEACOMMC</subfield>
    <subfield code="d">2007-12-14</subfield>
    <subfield code="l">0</subfield>
    <subfield code="o"> 005.1  K 45</subfield>
    <subfield code="p">M-1314</subfield>
    <subfield code="r">2024-12-24 12:03:27</subfield>
    <subfield code="t">4</subfield>
    <subfield code="w">2024-12-24</subfield>
    <subfield code="y">BOOK</subfield>
  </datafield>
  <datafield tag="952" ind1=" " ind2=" ">
    <subfield code="0">0</subfield>
    <subfield code="1">0</subfield>
    <subfield code="2">ddc</subfield>
    <subfield code="4">0</subfield>
    <subfield code="7">0</subfield>
    <subfield code="a">SEACOMMC</subfield>
    <subfield code="b">SEACOMMC</subfield>
    <subfield code="d">2007-12-14</subfield>
    <subfield code="l">0</subfield>
    <subfield code="o"> 005.1  K 45</subfield>
    <subfield code="p">M-1315</subfield>
    <subfield code="r">2024-12-24 12:03:27</subfield>
    <subfield code="t">5</subfield>
    <subfield code="w">2024-12-24</subfield>
    <subfield code="y">BOOK</subfield>
  </datafield>
  <datafield tag="999" ind1=" " ind2=" ">
    <subfield code="c">931</subfield>
    <subfield code="d">931</subfield>
  </datafield>
</record>
